000 00678nab a2200193 4500
001 244442
003 OSt
005 20260223084345.0
007 tu
008 260223s2020|||||||
040 _aDE-2950
_cDE-2950
245 0 0 _aRettung von Kindergarten in Kliestow gescheitert
_bBetreuung. Die Suche nach einem neuen Träger war der letzte Strohhalm für die von der Schließung bedrohte Kita. Doch der Rettungsversuch hatte keinen Erfolg/
_cLisa Larossa
264 _c2025
653 _aFrankfurt (Oder) - Kliestow
653 _aKita
653 _aSchließung
773 0 _g37. Jahrgang (2026) Nr. 40 vom 17.02.2026 , S. 15 mit Foto
_tMärkische Oderzeitung
942 _2z
_cA
999 _c374305
_d374305